Laddar...
Chamber's biographical dictionary
| Övriga upphovsmän: | , |
|---|---|
| Materialtyp: | Printed Book |
| Språk: | English |
| Publicerad: |
Edinburtg
W&R Chambers
1974
|
| Ämnen: |
| LEADER | 00646nam a2200253 a 4500 | ||
|---|---|---|---|
| 001 | adlib96000001 | ||
| 003 | ViArRB | ||
| 005 | 20151026131247.0 | ||
| 008 | 960221s1955 dcuabcdjdbkoqu001 0deng d | ||
| 020 | |||
| 022 | |||
| 040 | |a Adlib | ||
| 082 | |a 92(03) | ||
| 245 | |a Chamber's biographical dictionary | ||
| 250 | |||
| 260 | |a Edinburtg |b W&R Chambers |c 1974 | ||
| 300 | |a 1432p. | ||
| 500 | |a | ||
| 100 | |a Thorne, J O |e Editor | ||
| 700 | |a Collocott, T.C. | ||
| 942 | |c REF |6 _ | ||
| 653 | |a Dictionary | ||
| 999 | |c 23701 |d 23701 | ||
| 952 | |0 0 |1 0 |4 0 |6 9203_THOR |7 0 |9 35291 |a UL |b UL |d 2010-06-16 |o 92(03) THO R |p 00004267 |r 2010-06-16 |w 2010-06-16 |y REF | ||